| 000 | 00697nam a22002057a 4500 | ||
|---|---|---|---|
| 999 |
_c17874 _d17874 |
||
| 003 | OSt | ||
| 005 | 20230126162234.0 | ||
| 008 | 230126b ||||| |||| 00| 0 eng d | ||
| 040 | _c0 | ||
| 082 | _aDPer 370.5 M720 June - December 2017 v66 no. 1-7 | ||
| 100 |
_aPascual, Milagros _eauthor. _947515 |
||
| 245 |
_aChild development expert encourages parents to expose, explore, experience / _cMilagros Pascual |
||
| 260 |
_aPhilippines : _bPapi Publishers, Inc., _cNovember 2017. |
||
| 300 | _avolume 66, 209-210. | ||
| 650 |
_aChild development. _947516 |
||
| 650 |
_aChildren-Growth. _947517 |
||
| 650 |
_aChildren. _913927 |
||
| 700 |
_aPascual, Milagros _eauthor. _947515 |
||
| 942 |
_2ddc _cPER |
||